Countries by Partial Flag Images Quiz #1 - Statistics

General Stats
  • This quiz has been taken 42 times
  • The average score is 14 of 16
Answer Stats
Picture Answer % Correct
Australia
100%
Brazil
100%
Japan
100%
South Korea
100%
United Kingdom
100%
Canada
97%
China
97%
New Zealand
97%
United States
97%
North Korea
89%
Vietnam
89%
Cuba
84%
Papua New Guinea
82%
Iceland
61%
Norway
61%
Sweden
58%
No matching quizzes found
Score Distribution
Percent of People with Each Score
Percentile by Number Answered
Your Score History
You have not taken this quiz